Udržateľnosť dlhu verejných financií vybraných krajín Európskej únie

Analýza udržateľnosti dlhu verejných financií a fiškálny priestor vybraných krajín Európskej únie.

Gespeichert in:
Bibliographische Detailangaben
1. Verfasser: Arvajovičová, Kristína
Format: Buchkapitel
Sprache:Slowakisch
Schlagworte:
Tags: Tag hinzufügen
Keine Tags, Fügen Sie das erste Tag hinzu!

MARC

LEADER 00000naa a2200000 4500
001 0180373
005 20231204131132.1
041 0 |a slo 
044 |a SK 
245 1 0 |a Udržateľnosť dlhu verejných financií vybraných krajín Európskej únie  |c Kristína Arvajovičová 
520 |a Analýza udržateľnosti dlhu verejných financií a fiškálny priestor vybraných krajín Európskej únie. 
610 2 0 |a konsolidácia 
610 2 0 |a dlhy verejné 
610 2 0 |a Európska únia 
610 2 0 |a financie verejné 
610 2 0 |a politika fiškálna 
100 1 |a Arvajovičová, Kristína